| 000 | 00758cab a2200229 4500 | ||
|---|---|---|---|
| 001 | ABS45200 | ||
| 008 | 090401t1991 xxu||||| |||| 00| 0 eng d | ||
| 035 | _a(Sirsi) u51483 | ||
| 041 | _aeng | ||
| 100 | _aFreeman, D.J. | ||
| 245 | _aDefect insurance and collateral warranties | ||
| 260 | _c1991 | ||
| 350 | _a0 | ||
| 490 |
_aProperty Finance _v3(9) October 1991, 105-107(3) |
||
| 520 | _aQuestions the validity of collateral warranties and suggests alternatives such as latent defect insurance. | ||
| 650 | _aBUILT ENVIRONMENT-BUILDING CONTRACT FORMS-CONSTRUCTION COLLATERAL WARRANTY FORMS | ||
| 650 | _aLATENT DEFECTS | ||
| 690 | _aBUILT ENVIRONMENT-BUILDING CONTRACT FORMS | ||
| 690 |
_aINSURANCE _96249 |
||
| 942 | _n0 | ||
| 948 | _c04/03/1997 | ||
| 999 |
_c31965 _d31965 |
||